Sustainable residential architecture / (Record no. 7532)

000 -LEADER
fixed length control field 00852cam a22002537i 4500
003 - CONTROL NUMBER IDENTIFIER
control field OSt
005 - DATE AND TIME OF LATEST TRANSACTION
control field 20200312080944.0
008 - FIXED-LENGTH DATA ELEMENTS--GENERAL INFORMATION
fixed length control field 150827t20142014nyua 000 0 eng
020 ## - INTERNATIONAL STANDARD BOOK NUMBER
International Standard Book Number 9781770854475
Qualifying information (bound)
082 04 - DEWEY DECIMAL CLASSIFICATION NUMBER
Classification number 720.47
Edition number 23
Item number ALV
100 1# - MAIN ENTRY--PERSONAL NAME
Personal name Álvarez, Ana María,
Dates associated with a name 1976-
Relator term author.
245 10 - TITLE STATEMENT
Title Sustainable residential architecture /
Statement of responsibility, etc Ana M. Álvarez.
300 ## - PHYSICAL DESCRIPTION
Extent 399 pages :
Other physical details illustrations (chiefly color) ;
Dimensions 26 cm
650 #0 - SUBJECT ADDED ENTRY--TOPICAL TERM
Topical term or geographic name as entry element Sustainable architecture.
650 #0 - SUBJECT ADDED ENTRY--TOPICAL TERM
Topical term or geographic name as entry element Sustainable architecture
Form subdivision Designs and plans.
650 #0 - SUBJECT ADDED ENTRY--TOPICAL TERM
Topical term or geographic name as entry element Sustainable living.
650 #0 - SUBJECT ADDED ENTRY--TOPICAL TERM
Topical term or geographic name as entry element Architecture, Domestic.
650 #0 - SUBJECT ADDED ENTRY--TOPICAL TERM
Topical term or geographic name as entry element Architecture, Domestic
Form subdivision Designs and plans.
650 #7 - SUBJECT ADDED ENTRY--TOPICAL TERM
Topical term or geographic name as entry element Architecture, Domestic.
Source of heading or term fast
650 #7 - SUBJECT ADDED ENTRY--TOPICAL TERM
Topical term or geographic name as entry element Sustainable architecture.
Source of heading or term fast
650 #7 - SUBJECT ADDED ENTRY--TOPICAL TERM
Topical term or geographic name as entry element Sustainable living.
Source of heading or term fast
655 #7 - INDEX TERM--GENRE/FORM
Genre/form data or focus term Designs and plans.
Source of term fast
942 ## - ADDED ENTRY ELEMENTS (KOHA)
Source of classification or shelving scheme
Holdings
Withdrawn status Lost status Source of classification or shelving scheme Damaged status Koha normalized classification for sorting Not for loan Permanent location Current location Date acquired Full call number Barcode Date last seen Price effective from Koha item type
        720_470000000000000_ALV   BMS College of Architecture, Design and Planning BMS College of Architecture, Design and Planning 2020-03-12 720.47 ALV AR-UG1691 2020-03-12 2020-03-12 UG Books
Copyright © 2025, The Librarian, Library and Information Centre, BMSCA D&P, Bengaluru. All Rights Reserved
web counter

Powered by Koha